शिशु पालन तथा मां के दायित्व / (Record no. 117728)
[ view plain ]
| 000 -LEADER | |
|---|---|
| fixed length control field | 01196nam a22002897a 4500 |
| 003 - CONTROL NUMBER IDENTIFIER | |
| control field | dpl |
| 005 - DATE AND TIME OF LATEST TRANSACTION | |
| control field | 20190507140744.0 |
| 008 - FIXED-LENGTH DATA ELEMENTS--GENERAL INFORMATION | |
| fixed length control field | 190507b ||||| |||| 00| 0 eng d |
| 010 ## - LIBRARY OF CONGRESS CONTROL NUMBER | |
| LC control number | B-054650 |
| 020 ## - INTERNATIONAL STANDARD BOOK NUMBER | |
| Terms of availability | 00.00 |
| International Standard Book Number | 8122307388 |
| 035 ## - SYSTEM CONTROL NUMBER | |
| System control number | B-054650, B-054672 |
| 037 ## - SOURCE OF ACQUISITION | |
| Source of stock number/acquisition | Cen Lib/Ret |
| 040 ## - CATALOGING SOURCE | |
| Original cataloging agency | DPL |
| Language of cataloging | EN |
| Transcribing agency | 0 |
| 082 ## - DEWEY DECIMAL CLASSIFICATION NUMBER | |
| Classification number | 649.1 |
| Item number | भाटिया |
| 100 ## - MAIN ENTRY--PERSONAL NAME | |
| Personal name | भाटिया, सुदर्शन |
| 9 (RLIN) | 141676 |
| 245 ## - TITLE STATEMENT | |
| Title | शिशु पालन तथा मां के दायित्व / |
| Statement of responsibility, etc | सुदर्शन भाटिया |
| 246 ## - VARYING FORM OF TITLE | |
| Title proper/short title | Shishu palan tatha maan ke dayitv |
| 260 ## - PUBLICATION, DISTRIBUTION, ETC. (IMPRINT) | |
| Place of publication, distribution, etc | दिल्ली |
| Name of publisher, distributor, etc | पुस्तक महल |
| Date of publication, distribution, etc | 2001 |
| 270 ## - ADDRESS | |
| City | नई दिल्ली |
| Address | F-2/16, अंसारी रोड , दरियागंज |
| 300 ## - PHYSICAL DESCRIPTION | |
| Extent | 144पृ. |
| Dimensions | 20 सेमी (सजिल्द) |
| 500 ## - GENERAL NOTE | |
| General note | अनुक्रमणिका सामयीन |
| 650 ## - SUBJECT ADDED ENTRY--TOPICAL TERM | |
| Topical term or geographic name as entry element | हिंदी साहित्य |
| 9 (RLIN) | 141677 |
| 650 ## - SUBJECT ADDED ENTRY--TOPICAL TERM | |
| Topical term or geographic name as entry element | शिशु का विशेष ध्यान |
| 9 (RLIN) | 141678 |
| 650 ## - SUBJECT ADDED ENTRY--TOPICAL TERM | |
| Topical term or geographic name as entry element | Hindi literature |
| 9 (RLIN) | 141679 |
| 650 ## - SUBJECT ADDED ENTRY--TOPICAL TERM | |
| Topical term or geographic name as entry element | Baby care |
| 9 (RLIN) | 76514 |
| 942 ## - ADDED ENTRY ELEMENTS (KOHA) | |
| Source of classification or shelving scheme | Dewey Decimal Classification |
| Koha item type | Hindi Books |
| Classification part | 649.1 |
| Call number suffix | भाटिया |
| Withdrawn status | Lost status | Damaged status | Not for loan | Home library | Current library | Date acquired | Source of acquisition | Cost, normal purchase price | Total Checkouts | Total Renewals | Full call number | Barcode | Date last seen | Date checked out | Copy number | Cost, replacement price | Price effective from | Koha item type | Source of classification or shelving scheme | Collection code |
|---|---|---|---|---|---|---|---|---|---|---|---|---|---|---|---|---|---|---|---|---|
| Central Library | Central Library | 08/09/2015 | Cen Lib/Ret | 0.00 | 1 | 1 | 649.1 भाटिया | B-054650 | 11/04/2019 | 28/03/2019 | 1 | 0.00 | 08/09/2015 | Hindi Books | ||||||
| Shahdara Branch | Shahdara Branch | 07/05/2019 | BPPD/PUB | 0.00 | 1 | 649.1 भाटिया | B-054672 | 24/09/2022 | 07/09/2022 | 0.00 | 07/05/2019 | Hindi Books | Dewey Decimal Classification | Non-fiction | ||||||
| Yojana Vihar | Yojana Vihar | 26/07/2019 | BPPD/PUB | 48.00 | 649.1 भाटिया | B-54673 | 26/07/2019 | 48.00 | 26/07/2019 | Hindi Books | Dewey Decimal Classification | Non-fiction |
